000 00340nam a2200133Ia 4500
008 231129s9999||||xx |||||||||||||| ||spa||
020 _a84-329-8337-3
040 _bspa
082 _a745.51 C984m
100 _aCusa Ramos Juan de
245 0 _aMarqueteria facil
264 _aCeac
942 _2ddc
_cBKS
999 _c20690
_d20690